Henry F. Cochems : born January 10, 1875; died September 24, 1921.

Saved in:
நூற்பட்டியல் விவரங்கள்
வடிவம்: புத்தகம்
மொழி:English
வெளியீடப்பட்டது: [S.l. : s.n., 1921?]
பகுதிகள்:
குறியீடுகள்: குறிச்சொல் இணை
குறியீடுகள் இல்லை, இந்த குறிச்சொல்லை முதலில் பதிவு செய்யுங்கள்!
LEADER 00595nam a2200205Ia 4500
001 003155195-5
005 20020606093309.7
008 901217s1921 xx c 000 0beng d
035 0 |a ocm22864656 
040 |a GZL  |c GZL  |d HVL 
043 |a n-us-wi 
090 |a KF353  |b .B5 vol. 2 
245 0 0 |a Henry F. Cochems :  |b born January 10, 1875; died September 24, 1921. 
260 |a [S.l. :  |b s.n.,  |c 1921?] 
300 |a 14 p. :  |b port. ;  |c 23 cm. 
500 |a Cover title. 
600 1 0 |a Cochems, Henry F.  |q (Henry Frederick),  |d 1875- 
650 0 |a Lawyers  |z Wisconsin  |v Biography. 
988 |a 20020608 
906 |0 OCLC